| 000 | 01083na a2200337 4500 | ||
|---|---|---|---|
| 001 | 19615 | ||
| 003 | MIRAKIL | ||
| 005 | 20181213155234.0 | ||
| 008 | 161221b tu 000 0 | ||
| 035 | _a19615 | ||
| 040 |
_aMilas _btur _cTR-AnCHP |
||
| 041 | _atur | ||
| 082 |
_aCHP 324.2372092 _bB29t [1993?] |
||
| 090 | _aBROŞÜR 32 | ||
| 100 | _aBaykal, Deniz | ||
| 240 | _aCHP : Değişimin gücü | ||
| 245 |
_aTemiz siyaset için elele _c[Deniz Baykal] _k[broşür] |
||
| 246 | _aTemiz siyaset için el ele | ||
| 260 |
_aAnkara _bCHP _c[1993?] |
||
| 300 |
_a1 s. _c20 sm. |
||
| 440 |
_aCumhuriyet Halk Partisi yayınları _pBroşürler |
||
| 500 | _aBaşka yapıt adı: CHP : Değişimin gücü | ||
| 600 |
_aBaykal, Deniz _xSeçim kampanyaları, 1993 _yBroşürler |
||
| 610 |
_aCHP _xSeçim kampanyaları, 1993 _yBroşürler |
||
| 610 |
_aCHP _xSiyaset ve yönetim _yBaykal dönemi |
||
| 651 |
_aTürkiye _xSiyaset ve yönetim _y1990-2002 |
||
| 657 | _aDeğişimin gücü kampanyası | ||
| 830 | _aCHP broşürleri | ||
| 942 |
_2ddc _cBKS |
||
| 999 |
_c9069 _d9069 |
||